| 000 | 00797nam a22002657a 4500 | ||
|---|---|---|---|
| 001 | BR6007392 | ||
| 003 | BR-BrBNA | ||
| 005 | 20230928095645.0 | ||
| 007 | ta | ||
| 008 | 230509b bl.||||| |||| 00| 0 por d | ||
| 040 |
_aBR-BrBNA _bpor _cBiblioteca Nacional de Agricultura |
||
| 041 | _a(Por) | ||
| 072 | _aE30; F00 | ||
| 090 | _ E30 BR6007392 | ||
| 110 | 1 |
_aMinisterio da Agricultura, Brasilia, DF (Brasil). Escritorio Central de Planejamento e Controle _96800 |
|
| 245 | 1 | _aCarta de Brasilia. Ano 2, 1967-1968. Regiao nordeste (anexo 3) | |
| 260 | 3 |
_aBrasilia, DF (Brasil): _c1968. |
|
| 300 | _a776 p. | ||
| 650 | _aDesenvolvimento Agricola | ||
| 650 | _aProducao Vegetal | ||
| 650 | _aProducao Animal | ||
| 650 | _aNordeste | ||
| 909 |
_a202309 _bLucia _c55 _dLucia Elande |
||
| 942 | _cBK | ||
| 999 |
_c57917 _d57917 |
||